Úprava pravidiel pre organizáciu a prevádzkovanie výkonov verejnej osobnej dopravy vo verejnom záujme v EÚ
Východiskové princípy návrhu "Nariadenia EP a Rady k akciám členských štátov, týkajúcich sa požiadaviek na verejné služby v osobnej doprave železničnej, cestnej a vnútrozemskej vodnej".
Salvato in:
| Autore principale: | |
|---|---|
| Natura: | Capitolo di libro |
| Lingua: | slovacco |
| Soggetti: | |
| Tags: |
Nessun Tag, puoi essere il primo ad aggiungerne!!
|
MARC
| LEADER | 00000naa a2200000 4500 | ||
|---|---|---|---|
| 001 | r038809 | ||
| 005 | 20230825084409.9 | ||
| 041 | 0 | |a slo | |
| 044 | |a SK | ||
| 245 | 1 | 0 | |a Úprava pravidiel pre organizáciu a prevádzkovanie výkonov verejnej osobnej dopravy vo verejnom záujme v EÚ |c Stanislav Hreusík |
| 520 | |a Východiskové princípy návrhu "Nariadenia EP a Rady k akciám členských štátov, týkajúcich sa požiadaviek na verejné služby v osobnej doprave železničnej, cestnej a vnútrozemskej vodnej". | ||
| 610 | 2 | 0 | |a doprava automobilová osobná |
| 610 | 2 | 0 | |a doprava cestná osobná |
| 610 | 2 | 0 | |a doprava hromadná mestská |
| 610 | 2 | 0 | |a doprava medzinárodná |
| 610 | 2 | 0 | |a doprava vnútroštátna |
| 610 | 2 | 0 | |a doprava vodná osobná |
| 610 | 2 | 0 | |a Európska únia |
| 610 | 2 | 0 | |a aproximácia práva |
| 100 | 1 | |a Hreusík, Stanislav | |